000 00474nam a2200217Ia 4500
003 0100
008 130307s9999 xx 000 0 und d
020 _a0582002443
040 _cARRUPELIB
050 _aPR9379.9.A4D5 1987
100 _aAidoo, Ama Ata
245 4 _aThe Dilemma of a ghost
245 _banowa
260 _aEssex
260 _bLongman
260 _c1987
300 _a120p.
300 _b20cm.
440 _aLongman African Classic
942 0 0 _01
999 _c92440
_d92440